000 00307nam a2200109 4500
008 180215b xxu||||| |||| 00| 0 eng d
245 _aDiabetes cases worldwide soar to 422 million- WHO.
260 _aPhilippines
_bManila Bulletin
_cc2016
300 _apage 2.
650 0 _926558
_aDiabetes.
942 _2ddc
_cPER
999 _c8683
_d8683